| 000 | 01463nam a22002537a 4500 | ||
|---|---|---|---|
| 003 | DO-SdBNP | ||
| 005 | 20210823115935.0 | ||
| 008 | 210519b dr 00| 0 spa d | ||
| 020 | _a9789945912388 | ||
| 040 |
_aBPMSU _bspa _cBPMSU |
||
| 082 |
_a641.1 _bR628n 2019 _222 |
||
| 100 | 1 | _aCastillo Rodríguez, Saribelkis | |
| 245 | 1 | 3 |
_aNutrición alcalina para vivir sano / _cSaribelkis Castillo Rodríguez; edición al cuidado Piero Espinal Estévez |
| 260 |
_aSanto Domingo : _bOpus, _c2019. |
||
| 300 |
_a95 p. : _bil, retrs. ; _c22 cm. |
||
| 500 | _aIncluye datos biográficos de la autora en la solapa de la cubierta | ||
| 505 | 0 | _aDedicatoria -- Agradecimientos -- Introducción -- Antibióticos naturales -- Especias y hierbas aromáticas. Su importancia en la salud, 25.-- Brotes o germinados -- Apoyo emocional -- Importancia de la microbiota intestinal -- Fertilidad y alcalinidad -- Reto desintoxicante -- Mantequilla natural y casera -- Cremas y sopas calientes -- Ensaladas -- Zumos y licuados verdes -- Aguas alcalinas -- Infusiones -- Aderezos y vinagretas -- Leche de origen vegetal -- Panes y tortillas caseros -- Guarniciones -- Tahini -- Hummus -- Mermeladas -- Conserva de vegetales -- Menú alcalino -- Conclusiónc -- Referencias bibliográficas. | |
| 590 | _aInventariado,2021/ MC | ||
| 650 | 4 | _aNutrición | |
| 650 | 4 | _aAlimentos alcalinos | |
| 700 |
_aEspinal Estévez, Piero _eed. |
||
| 910 | _aMCabrera /VMateo V. | ||
| 942 |
_2ddc _cBK |
||
| 999 |
_c13515 _d13515 |
||